00310nam a2200133Ia 4500008004100000041000800041082001600049100002700065245001800092250000600110260003800116300001300154650000900167210716s1987 xx 000 0 und d aeng a005.43 MORC aMorgan, Christopher L. aInside xenix. a1 aNew DelhibBPB Publicationsc1987 aviii,328 aUnix